Catálogo público

12a Reunión Anual del CONASA "La sanidad animal: patrimonio de México", 6 ,7 y 8 de diciembre del 2004, CEUNI, Pachuca, Hgo. : memorias / Consejo Técnico Consultivo Nacional de Sanidad Animal (Record no. 217111)

MARC details
000 -CABECERA
campo de control de longitud fija 01283nam a2200253Ia 4500
001 - NÚMERO DE CONTROL
campo de control Z_6319
008 - DATOS DE LONGITUD FIJA--INFORMACIÓN GENERAL
campo de control de longitud fija 220601s9999 xx 000 0 und d
082 ## - NÚMERO DE LA CLASIFICACIÓN DECIMAL DEWEY
Número de clasificación 636.089 C66 2004
111 ## - ENTRADA PRINCIPAL--NOMBRE DE CONGRESO/REUNIÓN
Nombre de congreso/reunión o jurisdicción como elemento de entrada Consejo Técnico Consultivo Nacional de Sanidad Animal (México). Reunión (12 : 2004 : Pachuca, Hgo.)
9 (RLIN) 183513
245 ## - MENCIÓN DE TÍTULO
Título 12a Reunión Anual del CONASA "La sanidad animal: patrimonio de México", 6 ,7 y 8 de diciembre del 2004, CEUNI, Pachuca, Hgo. : memorias / Consejo Técnico Consultivo Nacional de Sanidad Animal
260 ## - PUBLICACIÓN, DISTRIBUCIÓN, ETC.
Lugar de publicación, distribución, etc. México : Consejo Técnico Consultivo Nacional de Sanidad Animal, [Consejo Técnico Consultivo Nacional de Sanidad Animal, 2004
300 ## - DESCRIPCIÓN FÍSICA
Extensión 53 p.
500 ## - NOTA GENERAL
Nota general A la cabeza de la portada: Secretaría de Agricultura, Ganadería, Desarrollo Rural, Pesca y Alimentación (SAGARPA) ; Servicio Nacional de Sanidad, Inocuidad y Calidad Agroalimentaria (Senasica)
503 ## - NOTA DE HISTORIA BIBLIOGRÁFICA (BK CF MU) [OBSOLETO]
Nota de historia bibliográfica ej.1: s/n
504 ## - NOTA DE BIBLIOGRAFÍA, ETC.
Nota de bibliografía, etc. Incluye bibliografías
650 ## - PUNTO DE ACCESO ADICIONAL DE MATERIA--TÉRMINO DE MATERIA
Término de materia o nombre geográfico como elemento de entrada 1. Higiene veterinaria - México - Congresos
650 ## - PUNTO DE ACCESO ADICIONAL DE MATERIA--TÉRMINO DE MATERIA
Término de materia o nombre geográfico como elemento de entrada Salud animal - Congresos
711 ## - PUNTO DE ACCESO ADICIONAL--NOMBRE DE REUNIÓN/CONGRESO
Nombre de congreso/reunión o jurisdicción como elemento de entrada Reunión anual CONASA (12 : 2004 : Pachuca, Hgo.)Ì
9 (RLIN) 183515
901 ## - ELEMENTOS DE DATOS A LOCAL LDA (RLIN)
a 636.089 C66 2004
902 ## - ELEMENTOS DE DATOS B LOCAL, LDB (RLIN)
a M
905 ## - ELEMENTOS DE DATOS E LOCAL, LDE (RLIN)
a 5232272004 mx bn 8211313311spa16
942 ## - ELEMENTOS DE PUNTO DE ACCESO ADICIONAL (KOHA)
Tipo de ítem Koha Libro_
Holdings
Estado de retiro Estado de pérdida Fuente del sistema de clasificación o colocación Estado dañado No para préstamo Código de colección Localización permanente Ubicación/localización actual Ubicación en estantería Fecha de adquisición Total de préstamos Código de barras Fecha visto por última vez Número de copia Precio válido a partir de Tipo de ítem Koha
    Dewey Decimal Classification     General Zootecnia Zootecnia   17/01/2013   z_6029 02/06/2022 1 02/06/2022 Libro